| 000 | 00550nam a2200169 i 4500 | ||
|---|---|---|---|
| 001 | 88237 | ||
| 003 | ES-MaACL | ||
| 005 | 20230906175825.0 | ||
| 007 | t| | ||
| 008 | 050103s1904 sp |||| | spa d | ||
| 100 | 1 |
_aLaiglesia, Francisco de ( _d1850-1922) _969670 |
|
| 245 | 1 | 4 |
_aLas deudas del Imperio en la primera mitad del siglo XVI / _cFrancisco de Laiglesia. |
| 260 |
_aMadrid : _b[s.n.], _c1904 ( _fTomás Rey) |
||
| 300 |
_a78 p. ; _c26 cm. |
||
| 651 | 4 |
_aEspaña- _xSituación económica- _y1516-1556. _9167673 |
|
| 852 |
_aES-MaACL _jT-1028-F-14 |
||
| 999 |
_c88237 _d88237 |
||